000 00465nam a2200157Ia 4500
008 090124s9999 xx 000 0 und d
082 _b33492
245 _a ओशो विचारदर्पण
250 _a1
260 _bकुंटे माधवी
_c2006
300 _a231
630 _a ओशो विचारदर्पण
700 _aभोसले राजन.
730 _a ओशो विचारदर्पण
942 _cBOOK
999 _c181015
_d181015